| 000 -LEADER |
| fixed length control field |
00575nam a22001937a 4500 |
| 005 - DATE AND TIME OF LATEST TRANSACTION |
| control field |
20260317131734.0 |
| 008 - FIXED-LENGTH DATA ELEMENTS--GENERAL INFORMATION |
| fixed length control field |
260317b ||||| |||| 00| 0 eng d |
| 020 ## - INTERNATIONAL STANDARD BOOK NUMBER |
| International Standard Book Number |
9781684024735 |
| 040 ## - CATALOGING SOURCE |
| Transcribing agency |
KH8 |
| 082 ## - DEWEY DECIMAL CLASSIFICATION NUMBER |
| Classification number |
962 |
| 100 ## - MAIN ENTRY--PERSONAL NAME |
| Personal name |
Cantor, Rachel Anne |
| Relator term |
Author |
| 245 ## - TITLE STATEMENT |
| Title |
Egypt |
| 260 ## - PUBLICATION, DISTRIBUTION, ETC. |
| Place of publication, distribution, etc. |
New York, New York |
| Name of publisher, distributor, etc. |
BEARPORT PUBLISHING |
| Date of publication, distribution, etc. |
©2018 |
| 300 ## - PHYSICAL DESCRIPTION |
| Extent |
32 pages |
| Other physical details |
Colour illustration |
| Dimensions |
21cm x 21cm |
| 520 ## - SUMMARY, ETC. |
| Summary, etc. |
Ancient. Modern. Beautiful. Welcome to Egypt! -Publisher- |
| 650 ## - SUBJECT ADDED ENTRY--TOPICAL TERM |
| Topical term or geographic name entry element |
Juvenile Literature |
| Form subdivision |
Egypt |
| 655 ## - INDEX TERM--GENRE/FORM |
| Genre/form data or focus term |
History and Geography |
| 942 ## - ADDED ENTRY ELEMENTS (KOHA) |
| Source of classification or shelving scheme |
|
| Koha item type |
Books - Non Ficton |